[Event "Mundial ajedrez"]
[Site "London"]
[Date "2018.11.09"]
[Round "3"]
[White "Caruana, Fabiano"]
[Black "Carlsen, Magnus"]
[Result "1/2-1/2"]
[WhiteElo "2832"]
[BlackElo "2835"]
[Annotator "Ajedrez21.com"]
[PlyCount "97"]
[EventDate "2018.11.09"]
[EventCountry "ENG"]
[SourceVersionDate "2018.11.10"]

1. e4 c5 2. Nf3 Nc6 3. Bb5 g6 4. Bxc6 dxc6 5. d3 Bg7 6. O-O Qc7 {Apartándose
de la jugada 6...Cf6 jugada en la primera partida del match.} 7. Re1 $6 {
Dudosa por la contestación de Carlsen, que hace inútil este movimiento.
Mejor era} (7. Be3 b6 8. a3 Nf6 9. b4 cxb4 10. axb4 O-O 11. h3 Nh5 12. Nc3 Nf4
13. Bxf4 h6 14. e5 g5 15. d4 Bf5 16. Ne4 {que se jugó en la partida
Shirov-Illescas (Madrid, 1996). El blanco tiene ventaja, aunque la partida
finalizó en tablas en la jugada 76.}) 7... e5 8. a3 {Un plan habitual en esta
línea, iniciando las operaciones en el flanco de dama.} Nf6 9. b4 O-O 10. Nbd2
{No merece la pena comer el peón con 10.bxc5? que facilita la labor negra
tras 10...Cd7 y debilitaría la estructura de peones blanca.} Bg4 {Señal de
que Carlsen quiere un juego pacífico. Más agresivo hubiera sido 10...Ch5.}
11. h3 Bxf3 12. Nxf3 cxb4 13. axb4 a5 {Se inicia la liquidación en este
sector, lo que simplificará notablemente la posición. La leve iniciativa
blanca no es suficiente para obtener ventaja. La posición está igualada.} 14.
bxa5 Rxa5 15. Bd2 $6 {Caruana deja escapar una buena oportunidad de seguir
rpesionando a su rival tras} (15. Rxa5 Qxa5 16. Bd2 Qc7 17. Qa1 $1 {Y el
blanco se ha apoderado de la columna 'a' y presionará con fuerza en el flanco
de dama.}) 15... Raa8 16. Qb1 Nd7 17. Qb4 Rfe8 {Con idea de un futuro ...Af8
ubicando quizás este alfil en una diagonal más prometedora.} 18. Bc3 b5 19.
Rxa8 Rxa8 20. Ra1 Rxa1+ 21. Bxa1 {Con el cambio de las torres se llega a este
final de Dama y piezas menores completamente equilibrado. Las tablas están
cerca.} Qa7 {Tiempos restantes para el control de la jugada 40: 41:50 min. -
51:51 min.} 22. Bc3 Qa2 {La jugada más activa, aunque no cambia la
valoración de la posición.} 23. Qb2 Qxb2 24. Bxb2 {Tras el cambio de damas,
solo resta firmar las tablas. El resto de jugadas hasta el final es un mero
trámite.} f6 25. Kf1 Kf7 26. Ke2 Nc5 27. Bc3 Ne6 28. g3 Bf8 29. Nd2 Ng5 {
Tiempos restantes para el control de la jugada 40: 25:26 min. - 41:47 min.} 30.
h4 Ne6 31. Nb3 h5 32. Bd2 Bd6 {Era interesante 32...g5, pero está claro que
no afecta a la valoración de igualdad persistente.} 33. c3 c5 {Para
dificultar una de las pocas opciones activas del blanco: 34.d4} 34. Be3 Ke7 35.
Kd1 {Ambos reyes se van controlando a distancia.} Kd7 36. Kc2 f5 37. Kd1 {
Ante el avance negro en f5, el rey blanco permanece pendiente pro si tuviera
que volver al flanco de rey.} fxe4 38. dxe4 c4 39. Nd2 Nc5 {Tras algunas
escaramuzas de Carlsen, el negro parece algo más activo, pero la posición se
ha simplificado mucho y solo un milagro podría desnivelarla. Tiempos
restantes para el control de la jugada 40: 5:30 min. - 25:17 min.} 40. Bxc5 {
Antes de superar el control, Caruana elige la opción más sencilla, pues
aunque se desprende del alfil, el final resultante parece tablas igualmente.}
Bxc5 41. Ke2 Kc6 42. Nf1 {Dirigiéndose a la excelente casilla d5.} b4 {
Carlsen decide crear un peón pasado, en un último intento por desnivelar a
su favor el final.} 43. cxb4 Bxb4 44. Ne3 Kc5 45. f4 exf4 46. gxf4 Ba5 {
La posición se ha abierto, pero el poco material existente y el hecho de que
el peón negro 'h' corona en casilla blanca, hace que la posición siga siendo
tablas.} 47. f5 gxf5 48. Nxc4 {Un elegante recurso, aprovechando que el peón
negro de 'h' corona en casilla blanca, lo que hace imposible la victoria negra.
} Kxc4 49. exf5 1/2-1/2

[Event "Mundial ajedrez"]
[Site "Londo"]
[Date "2018.11.09"]
[Round "2"]
[White "Carlsen, Magnus"]
[Black "Caruana, Fabiano"]
[Result "1/2-1/2"]
[WhiteElo "2835"]
[BlackElo "2832"]
[Annotator "Ajedrez21.com"]
[PlyCount "94"]
[SourceVersionDate "2018.11.10"]

{Tras la heroica salvación de Caruana en la partida inaugural del Mundial,
había gran expectación por ver el rendimiento de los jugadores. En la rueda
de prensa de ayer, Carlsen se mostró muy crítico con su juego y descontento
por no haber sabido rematar su ventaja. Por su parte, el aspirante reconoció
la dureza que representa una lucha por el título.} 1. d4 Nf6 2. Nf3 d5 3. c4
e6 4. Nc3 Be7 5. Bf4 O-O 6. e3 c5 7. dxc5 Bxc5 8. Qc2 Nc6 9. a3 Qa5 10. Rd1 Rd8
11. Be2 {Una vieja línea del Gambito de Dama declinado denominada 'Ataque
Harrwitz'. La principal referencia histórica es la partida Doroshkievich vs
Gipslis del Cto. URSS 1966-67, donde las blancas jugaron 11.Cd2 y vencieron en
57 jugadas. En cambio, si 11 b4? Cxb4! 12 axb4 Axb4 13 Tc1 Ce4 14 Ae5 f6 y el
blanco no puede mantener la pieza de ventaja.} Ne4 {Según algunos expertos,
una novedad. Ello se suma al rápido ritmo con que Caruana está jugando la
apertura, lo que confirmaría la excelente preparación del estadounidense
para esta partida.} 12. O-O Nxc3 13. bxc3 h6 {Importante medida defensiva ante
un posible Cg5.} 14. a4 {Tiempos: 1 h. 04 min. / 1 h. 38 min.} Ne7 {Aunque el
enroque negro está poco defendido, no parece que a corto plazo Carlsen pueda
aprovecharlo. Por contra, la estructura de peones blanca ha quedado seriamente
estropeada.} 15. Ne5 {Situando el caballo en una poderosa casilla central y
amagando con un 'ataque a la bayoneta' a base de g4-h4 sobre el desguarnecido
enroque negro.} Bd6 {Amenazando 16...Dc7 para tomar control sobre el peligroso
Ce5.} 16. cxd5 Nxd5 $2 {Tiempos: 41 min. / 01 h. 35 min. Caruana apenas pensó
unos segundos esta crítica jugada, que permite una peligrosa continuación
táctica al blanco. Era mucho más segura 16...Dc7.} 17. Bf3 $2 {... ¡pero
Carlsen no se atreve!} (17. Nxf7 Kxf7 18. Bxd6 Rxd6 19. Bh5+ Kg8 20. Qg6 {
hubiera proporcionado al blanco un temible ataque. ¿Qué han visto los
jugadores? Dada la velocidad con que Caruana está jugando, ¿temió el
campéon mundial la preparación del aspirante? la rueda de prensa nos
desvelerá estos misterios.}) 17... Nxf4 {Caruana decide simplificar la
posición. 17...Dc7 era más ambiciosa, luchando por retener alguna ventaja en
la apertura.} 18. exf4 Bxe5 19. Rxd8+ Qxd8 20. fxe5 {Tras la liquidación de
material, la posición se ha simplificado notablemente y la ventaja de
desarrollo y espacio del blanco es meramente testimonial, ya que la débil
estructura de sus peones en el flanco de dama no permite pensar en la victoria.
La posición está igualada, lo que representa un claro triunfo de la
estrategia de apertura de Caruana en esta partida, quien apenas ha empleado
media hora hasta el momento.} Qc7 21. Rb1 Rb8 22. Qd3 Bd7 {Caruana finaliza
tranquilamente su desarrollo (sin aventurarse con arriesgadas capturas del
tipo ...Dxe5) y aunque el blanco sigue teniendo la iniciativa, la posición
negra no tiene debilidades y sigue claramente equilibrada.} 23. a5 Bc6 24. Qd6
$6 {Fiel a su estilo, Carlsen arriesga en posiciones que parecen sencillas.
Pero en esta ocasión no parece justificado y el peón avanzado que se creará
bien podría llegar a ser un objetivo para Caruana.} Qxd6 25. exd6 Bxf3 26.
gxf3 Kf8 27. c4 Ke8 28. a6 b6 29. c5 Kd7 {El rey negro llega a tiempo de
conjurar el peligro que representan los peones blancos.} 30. cxb6 axb6 31. a7
Ra8 32. Rxb6 Rxa7 {La posición se ha aclarado, pero Carlsen solo ha
conseguido un final inferior de torres, similar al que tuvo ayer, pero esta
vez le tocará sufrir a él.} 33. Kg2 e5 34. Rb4 f5 35. Rb6 Ke6 36. d7+ $6 {
Carlsen entrega enseguida su peón avanzado, como queriendo demostrar que el
final resultante es igualmente tablas...} Kxd7 37. Rb5 Ke6 38. Rb6+ Kf7 39. Rb5
Kf6 40. Rb6+ Kg5 41. Rb5 Kf4 42. Rb4+ e4 43. fxe4 fxe4 44. h3 Ra5 {Aunque sean
tablas el final de T+2 peones vs T+3 peones en el mismo flanco, es evidente
que Caruana podría torturar un poco al campeón.} 45. Rb7 Rg5+ 46. Kf1 Rg6 47.
Rb4 Rg5 {Se firmaron las tablas. Una señal de respeto del aspirante, que no
quiso seguir mareando a su rival.} 1/2-1/2

[Event "Mundial ajedrez"]
[Site "London"]
[Date "2018.11.09"]
[Round "1"]
[White "Caruana, Fabiano"]
[Black "Carlsen, Magnus"]
[Result "1/2-1/2"]
[WhiteElo "2832"]
[BlackElo "2832"]
[Annotator "Ajedrez21.com"]
[PlyCount "229"]
[SourceTitle "World Chess"]
[SourceDate "2018.11.09"]
[SourceVersionDate "2018.11.09"]

1. e4 c5 {Ligera sorpresa del campeón, que demuestra comenzar el match con
ganas de pelea.} 2. Nf3 Nc6 3. Bb5 {Caruana plantea el 'Ataque Rossolimo' (3.
Ab5), que ya había empleado en el torneo 'Tata Steel' de 2015 contra el
noruego, con poco éxito, pues perdió.} g6 4. Bxc6 dxc6 5. d3 Bg7 6. h3 Nf6 7.
Nc3 Nd7 {Una de las líneas más habituales en el esquema negro. En la partida
de referencia, Carlsen jugó:} (7... b6 8. Be3 e5 9. O-O O-O 10. a3 Qe7 11. Qb1
Nh5 12. b4 f5 13. bxc5 f4 14. Bd2 bxc5 15. Qb3+ Be6 16. Qa4 Rac8 17. Qa5 g5 18.
Na4 g4 19. hxg4 Bxg4 20. Qxc5 Qf6 21. Nh2 {[#]} f3 22. Nxg4 Qg6 23. Qe7 fxg2
24. Rfb1 Qxg4 25. Qg5 Qe2 26. Qe3 Qg4 27. Qg5 Qxg5 28. Bxg5 Nf4 29. Bxf4 exf4
30. Kxg2 f3+ 31. Kf1 Rf4 32. c3 Rd8 33. d4 Bh6 34. Ke1 Rxe4+ 35. Kd1 c5 36. Kc2
cxd4 37. Kd3 Re2 38. c4 Rxf2 39. Rd1 Re2 {0-1}) 8. Be3 e5 9. O-O b6 10. Nh2 {
[#]} Nf8 {El negro quiere completar Ce6-d4 situando el caballo en una
excelente casilla central. Pero Caruana abre el flanco de rey para impedirlo.}
11. f4 exf4 12. Rxf4 Be6 {La posición esta igualada, aunque de forma
dinámica, por lo que queda mucha partida por delante.} 13. Rf2 h6 14. Qd2 g5 {
El negro intenta controlar y hacer fuerte en las casillas negras centrales 
(d4-e5-f4).} 15. Raf1 Qd6 16. Ng4 {Y por su parte, Caruana intenta seguir con
su iniciativa en el flanco de rey, obligando a Carlsen a buscar el enroque
largo, algo poco frecuente en el Rossolimo. De todas formas, la posición
negra es muy sólida.} O-O-O 17. Nf6 $2 {Es comprensible que Caruana quiera
justificar la maniobra iniciada con Ch4-g4, pero como demostrará Carlsen,
esto solo facilita su juego.} Nd7 18. Nh5 Be5 {[#] El negro controla las
casillas negras y dispone de un juego agradable, por lo que ya están algo
mejor. En este este momento, a Caruana le restaban 20 min para llegar al
control de la jugada 40. Carlsen había jugado mucho más veloz y tenía aun
53 min.} 19. g4 {Caruana quiere cortar de raíz cualquier intento negro de
ruptura en su flanco de rey.} f6 20. b3 Bf7 {Demostrando que la maniobra del
Ch5 y el posterior bloqueo con g4 no le habían servido de gran cosa a las
blancas.} 21. Nd1 Nf8 $6 {¡Sacrificando un peón por la actividad! El caballo
busca las casillas e6 o g6 según los casos, desde donde tendría una
posición muy activa. ¿Especulación por parte de Carlsen? Parecía mucho
más simple y directa:} (21... Rdg8 22. Rg2 Qe6 23. Rf5 Bg6 {Y es innegable la
superioridad negra.}) 22. Nxf6 Ne6 {Ciertamente el negro tiene una amplia
compensación por el peón, pero ¿era necesario precipitar los
acontecimientos? Máxime ante la falta de tiempo de su rival. No sería la
primera vez que en un Mundial, Carlsen hubiera omitido alguna sencilla
secuencia táctica.} 23. Nh5 {Ante la amenaza 23...Cf4 y el caballo blanco
tendría problemas.} Bxh5 {Parecía mejor 23...Ag6, pero parece que Carlsen
había vislumbrado antes la posición a la quiere llegar, juzgándola
favorable.} 24. gxh5 Nf4 {Esta es la idea del sacrificio de peón: las blancas
se ven obligadas a entregar el alfil por este potente caballo y el negro es
dueño y señor de ls casillas negras y tiene -además- posibilidades de
ataque contra el debilitado enroque blanco.} 25. Bxf4 gxf4 26. Rg2 Rhg8 27. Qe2
Rxg2+ 28. Qxg2 Qe6 29. Nf2 Rg8 30. Ng4 {Tras una serie de jugadas forzadas, la
posición sigue siendo favorable a Carlsen, aunque ha aliviado un tanto los
apremios de tiempo de Caruana.} Qe8 {Para recuperar el peón sacrificado y
habilitar un futuro ...h5 expulsando al caballo blanco.} 31. Qf3 {Tiempos: 07:
00 min vs. 24:30 min. Está claro que Caruana tiene ahora más fácil llegar
bien al primer control de tiempo. Lo peor parece haber pasado para el
aspirante.} Qxh5 32. Kf2 $6 (32. Kh2 {parece más segura.}) 32... Bc7 33. Ke2
$6 {Caruana sigue con su peregrinaje hacia la seguridad del flanco de dama,
pero esto da tiempo al negro para expulsar al cabablo de su bastión en g4.}
Qg5 $1 {Al amenaza 34...h5 es muy desagradable. El negro tiene clara ventaja y
a Caruana apenas le quedan 2 min. para llegar a la jugada 40.} 34. Nh2 {
36 segundos para llegar al control...} h5 (34... Qf6 {también parecía muy
buena.}) 35. Rf2 Qg1 36. Nf1 {El blanco está cada vez más pasivo y su rey
sigue sin encontrar refugio seguro.} h4 {Especulando con un posible ...Tg3,
que seria mortal.} 37. Kd2 Kb7 38. c3 Be5 {Ante la proximidad del primer
control en la jugada 40, Carlsen opta por no precipitar los acontecimientos.
Sigue teniendo una clara ventaja, aunque seguramente dejó pasar de largo
continuaciones más contundentes.} 39. Kc2 Qg7 40. Nh2 {Caruana ha logrado
llegar al control, pero en obvia desventaja.} Bxc3 {Llegando también al
control y con el sano criterio de recuperar el déficit material. Pero quizás
era preferible volver con 40...Dg1 pues no se ve nada mejor para el blanco que
repetir con 41.Cf1 y pensar algo más en otro plan.} 41. Qxf4 {Amenazando
cambiar damas con 42.Df7+. Con el cambio de damas, el blanco -aún estando
algo peor- tendrá más chances de salvar la partida, al estar su rey más
seguro. Parece claro que el juego de Carlsen no ha sido suficientemente
incisivo antes del primer control.} Bd4 42. Qf7+ Ka6 43. Qxg7 Rxg7 44. Re2 Rg3
45. Ng4 Rxh3 46. e5 {Esta es la baza que puede salvar al blanco. En este
apartado, Cariana se distingue por calcular de forma precisa.} Rf3 47. e6 Rf8
48. e7 Re8 49. Nh6 h3 50. Nf5 Bf6 {Una secuencia de jugadas claramente forzada.
A pesar del peón de menos, el blanco confía en que un posible final de T+3
vs T+4 con los peones en el mismo flanco serían unas probables tablas.} 51. a3
b5 52. b4 $1 {El blanco simplifica aún más el peón, para que los posibles
finales de torres sean de T+2 vs. T+3 peones en el mismo flanco, lo que
aseguraría las tablas al bando defensor.} cxb4 53. axb4 Bxe7 54. Nxe7 h2 55.
Rxh2 Rxe7 56. Rh6 Kb6 57. Kc3 Rd7 58. Rg6 Kc7 59. Rh6 Rd6 60. Rh8 Rg6 61. Ra8
Kb7 62. Rh8 Rg5 63. Rh7+ Kb6 64. Rh6 Rg1 65. Kc2 Rf1 66. Rg6 Rh1 67. Rf6 Rh8
68. Kc3 Ra8 {Carlsen intenta ejecutar el único plan para logar algo: avanzar
a5. No obstante, el final es igualmente tablas.} 69. d4 Rd8 {Ante la amenaza
70.d5} 70. Rh6 Rd7 71. Rg6 Kc7 72. Rg5 Rd6 {En vista de que no pueden avanzar
fácilmente ...a5, Carlsen intenta ahora ...Rb6-a5. Y de nuevo Caruana se
opone a dicho plan.} 73. Rg8 {Para dar jaque por detrás en caso de 73...Rb6.}
Rh6 74. Ra8 Rh3+ 75. Kc2 Ra3 76. Kb2 Ra4 {Este nuevo plan muestra la
proverbial insistencia del campeón mundial. Ahora intenta una última
posibilidad de inclinar la partida a su favor, con la velada amenaza ...a5 en
su momento.} 77. Kc3 a6 78. Rh8 Ra3+ 79. Kb2 Rg3 80. Kc2 Rg5 81. Rh6 {Pero
todo es inútil. Fabiano simplemente rechaza fácilmente cada nuevo intento de
Magnus.} Rd5 82. Kc3 Rd6 83. Rh8 Rg6 84. Kc2 Kb7 85. Kc3 Rg3+ 86. Kc2 Rg1 87.
Rh5 Rg2+ 88. Kc3 Rg3+ 89. Kc2 Rg4 90. Kc3 Kb6 91. Rh6 Rg5 92. Rf6 Rh5 93. Rg6
Rh3+ 94. Kc2 Rh5 95. Kc3 Rd5 96. Rh6 Kc7 97. Rh7+ Rd7 98. Rh5 Rd6 99. Rh8 Rg6
100. Rf8 Rg3+ 101. Kc2 Ra3 102. Rf7+ Kd6 103. Ra7 Kd5 {El último intento de
Carlsen.} 104. Kb2 Rd3 105. Rxa6 Rxd4 106. Kb3 Re4 107. Kc3 Rc4+ 108. Kb3 Kd4
109. Rb6 Kd3 110. Ra6 Rc2 111. Rb6 Rc3+ 112. Kb2 Rc4 113. Kb3 Kd4 114. Ra6 Kd5
115. Ra8 1/2-1/2